| 000 | 00429nam a22001697a 4500 | ||
|---|---|---|---|
| 003 | CEME | ||
| 005 | 20210628203858.0 | ||
| 008 | 210317b xxu||||| |||| 00| 0 eng d | ||
| 020 | _a0-02-946562-1 | ||
| 040 | _c. | ||
| 082 | _a610.28 AST'P | ||
| 100 |
_aAston, Richard _967690 |
||
| 245 | _aPrinciples of biomedical instrumentation and maesurement | ||
| 260 |
_aNEWDELHI _bMERRILL _c1991 |
||
| 300 | _a558P | ||
| 942 |
_cBK _2ddc |
||
| 999 |
_c575408 _d575408 |
||